Statistics for Регије Шпаније

Click here to take the quiz!

General Stats

  • This quiz has been taken 208 times
  • The average score is 8 of 17

Answers on the Map

Answers color-coded by a green-red scale on the quiz's map according to % correct below.
 

Answer Stats

Community% Correct
Каталонија
97%
Андалузија
72%
Баскија
71%
Мадрид
67%
Канарска Острва
57%
Валенсија
53%
Кастиља и Леон
51%
Галиција
50%
Балеарска Острва
49%
Кастиља-Ла Манча
49%
Арагон
48%
Мурсија
28%
Навара
22%
Астурија
21%
Екстремадура
16%
Риоха
14%
Кантабрија
13%

Score Distribution

Percentile by Number Answered

Percent of People with Each Score

Your Score History

You have not taken this quiz